[Event "42nd Benasque Open 2023"]
[Site "Benasque ESP"]
[Date "2023.07.12"]
[Round "8.1"]
[White "Bu Xiangzhi"]
[Black "Hovhannisyan, R."]
[Result "1-0"]
[WhiteElo "2676"]
[BlackElo "2607"]
[PlyCount "77"]
[EventDate "2023.07.05"]

1. Nf3 d5 2. d4 Nf6 3. c4 e6 4. Bg5 h6 5. Bxf6 Qxf6 6. Nbd2 g6 7. Qc2 Qe7 ({RR} 7... c6 8. e4 Bg7 9. e5 Qe7 10. c5 b6 11. Nb3 O-O 12. Rc1 Bb7 13. Bd3 Nd7 14. O-O Rfc8 15. Qd2 bxc5 16. Nxc5 Nxc5 17. Rxc5 Bf8 18. Rfc1 Qd8 19. h4 a5 20. h5 Kg7 21. hxg6 fxg6 22. Qf4 {Andreikin,D (2729)-Drygalov,A (2475) chess.com INT 2023 1-0 (39)}) 8. g3 Bg7 9. Bg2 O-O 10. Rc1 $146 ({RR} 10. O-O c5 11. dxc5 Qxc5 12. Rac1 dxc4 13. Nxc4 Nc6 14. Qb1 Qe7 15. Rfd1 e5 16. Ne3 Be6 17. Nd5 Bxd5 18. Rxd5 e4 19. Nd2 e3 20. Ne4 exf2+ 21. Kxf2 Rae8 22. Bf3 Nd4 23. Qd3 Nxf3 24. exf3 Bxb2 {Brunello,S (2564)-Sumets,A (2554) Chess.com INT 2016 ½-½ (69)}) 10... c5 11. cxd5 cxd4 12. Qxc8 Rxc8 13. Rxc8+ Kh7 14. h4 Bf6 15. Ne4 exd5 16. Nxf6+ Qxf6 17. O-O Kg7 18. Rfc1 d3 19. exd3 Qxb2 20. Re1 Qxa2 21. g4 g5 22. hxg5 hxg5 23. Nxg5 Nc6 24. Rxa8 Ne5 25. Nh3 Nxg4 26. Rb8 Qd2 27. Rf1 Qb2 28. Rd8 Nf6 29. Re1 a5 30. Re3 Ng4 31. Rg3 f5 32. Bf3 Kf6 33. Bxg4 fxg4 34. Rxg4 Qb3 35. Kg2 a4 36. Nf4 a3 37. Nxd5+ Kf7 38. Rf4+ Ke6 39. d4 1-0

[Event "FIDE World Cup"]
[Site "Khanty-Mansiysk"]
[Date "2019.09.14"]
[Round "2.2"]
[White "Radjabov, Teimour"]
[Black "Sjugirov, Sanan"]
[Result "1/2-1/2"]
[WhiteElo "2758"]
[BlackElo "2662"]
[PlyCount "77"]
[EventDate "2019.09.10"]
[EventType "k.o."]
[EventRounds "7"]
[EventCountry "RUS"]
[SourceTitle "CBM 192"]
[Source "ChessBase"]
[SourceDate "2019.10.31"]
[SourceVersion "1"]
[SourceVersionDate "2019.10.31"]
[SourceQuality "1"]

1. Nf3 d5 2. d4 Nf6 3. c4 e6 4. e3 a6 5. b3 c5 6. Bb2 cxd4 7. exd4 b6 8. Bd3 Bb7 9. O-O Be7 10. Nbd2 O-O 11. Qe2 Nc6 12. Rac1 Re8 13. Rfd1 Bf8 14. a3 g6 15. Qe3 $146 ({RR} 15. Ne5 dxc4 16. Ndxc4 Rc8 17. Nxc6 Rxc6 18. a4 Nd5 19. Be4 Rc8 20. g3 Rc7 21. Ne5 Rxc1 22. Rxc1 Re7 23. Ba3 Rc7 24. Rxc7 Qxc7 25. Bxf8 Kxf8 26. Qd2 Kg7 27. Ng4 Qe7 28. h4 h5 29. Qh6+ Kg8 {Andreikin,D (2729)-Dardha,D (2612) chess.com INT 2023 1-0 (42)}) ({RR} 15. b4 dxc4 16. Bxc4 b5 17. Bd3 Ne7 18. Nb3 Ned5 19. g3 Nb6 20. Nc5 Bd5 21. Ne5 Ra7 22. Rc2 Qa8 23. Rdc1 Nbd7 24. Ncxd7 Nxd7 25. h4 Bh6 26. f4 Nxe5 27. dxe5 Rd7 28. Rc7 Rxc7 29. Rxc7 Rc8 {Anton Guijarro,D (2546)-Arizmendi Martinez,J (2560) San Agustin 2012 ½-½ (32)}) 15... Bg7 16. h3 a5 17. Ne5 Nxe5 18. dxe5 Nd7 19. Nf3 Qe7 20. cxd5 Bxd5 21. Be4 Bxe4 22. Qxe4 Nc5 23. Qc4 Bh6 24. Rc2 Red8 25. Rxd8+ Rxd8 26. Bd4 Rd5 27. b4 axb4 28. axb4 Nd7 29. Ra2 Bf8 30. Ra8 b5 31. Qb3 Kg7 32. Qxd5 exd5 33. e6+ Nf6 34. Bc5 Qxe6 35. Bxf8+ Kg8 36. Be7+ Kg7 37. Bf8+ Kg8 38. Be7+ Kg7 39. Bf8+ 1/2-1/2

[Event "chess.com SpeedChess 2023"]
[Site "chess.com INT"]
[Date "2023.09.12"]
[Round "1.22"]
[White "Gukesh, D."]
[Black "Vachier Lagrave, M."]
[Result "0-1"]
[WhiteElo "2758"]
[BlackElo "2727"]
[PlyCount "78"]
[EventDate "2023.09.04"]

1. d4 d5 2. c4 e6 3. cxd5 exd5 4. Nf3 Bd6 5. Nc3 c6 6. Qc2 Ne7 7. Bg5 Bf5 8. Qb3 ({RR} 8. Qd2 Nd7 9. e3 Qb6 10. Bh4 a5 11. Bg3 Nc8 12. Nh4 Be6 13. Bd3 Bxg3 14. hxg3 Nd6 15. Nf3 Bf5 16. Bxf5 Nxf5 17. e4 dxe4 18. Nxe4 c5 19. O-O-O O-O 20. dxc5 Nxc5 21. Nxc5 Qxc5+ 22. Kb1 Ra6 {Jojua,D (2579)-Javakhishvili,L (2486) Tbilisi 2016 ½-½}) 8... Qb6 9. e3 Qxb3 10. axb3 Nd7 $146 ({RR} 10... Ng6 11. Kd2 f6 12. Bh4 Nxh4 13. Nxh4 Be6 14. Bd3 g6 15. f4 Bd7 16. f5 g5 17. Nf3 Kf7 18. g4 Kg7 19. h4 h6 20. e4 dxe4 21. Nxe4 Bf4+ 22. Kc3 a5 23. Nc5 Bc8 24. Rae1 Bd6 25. hxg5 {Abraham,J (2100)-King,A (2263) chess.com INT 2025 1-0}) 11. Nd2 h6 12. Bh4 a5 13. f3 Be6 14. Bd3 O-O 15. g4 Rfe8 16. Kf2 Bb4 17. Bg3 f5 18. h3 Rf8 19. Kg2 Ng6 20. Rad1 Rae8 21. Ne2 Ne7 22. Nf4 Kf7 23. Nb1 Nf6 24. Nc3 Bd7 25. Rhf1 g5 26. Nfe2 Nc8 27. Be5 Bd6 28. Bxf6 Kxf6 29. gxf5 Rxe3 30. Rd2 Rfe8 31. Ng3 Bxg3 32. Kxg3 Nd6 33. Nd1 R3e7 34. Nf2 Bxf5 35. Ng4+ Kg7 36. Ne5 Bxd3 37. Rxd3 Nf5+ 38. Kg4 Nxd4 39. f4 gxf4 0-1

[Event "Geneve op"]
[Site "Geneve"]
[Date "2005.01.28"]
[Round "7"]
[White "Epishin, Vladimir"]
[Black "Milov, Vadim"]
[Result "1/2-1/2"]
[WhiteElo "2614"]
[BlackElo "2668"]
[PlyCount "76"]
[EventDate "2005.01.22"]
[EventType "swiss"]
[EventRounds "9"]
[EventCountry "SUI"]
[SourceTitle "CBM 104 Extra"]
[Source "ChessBase"]
[SourceDate "2005.03.01"]
[SourceVersion "1"]
[SourceVersionDate "2005.03.01"]
[SourceQuality "1"]

1. d4 Nf6 2. c4 e6 3. Nf3 d5 4. e3 a6 5. Nbd2 c5 6. dxc5 Bxc5 7. a3 O-O 8. b4 Ba7 9. Bb2 Nc6 10. Be2 dxc4 ({RR} 10... Re8 11. O-O e5 12. cxd5 Nxd5 13. Nc4 f6 14. Rc1 Be6 15. Qc2 Qd7 16. Rfd1 Qe7 17. Qb1 Rad8 18. Ba1 Bf7 19. b5 axb5 20. Qxb5 h6 21. Rd2 e4 22. Nd4 Nxd4 23. Bxd4 Bxd4 24. Rxd4 f5 25. Rcd1 {Zavgorodniy,S (2387)-Rosenberg,E (1982) chess.com INT 2024 1-0}) 11. Nxc4 $146 ({RR} 11. Bxc4 b5 12. Be2 Bb7 13. O-O Rc8 14. a4 Nd5 15. axb5 axb5 16. Rxa7 Nxa7 17. Qa1 Nc6 18. Bxg7 Re8 19. Bh6 f6 20. Bxb5 Qe7 21. Ne4 Red8 22. h3 Ncxb4 23. Nh2 Ra8 24. Qb2 Ra2 25. Qb3 Qf7 {Maly,A (2371)-Jianu,V (2532) Chess.com INT 2021 1-0}) ({RR} 11. Bxc4 b5 12. Be2 Bb7 13. O-O Rc8 14. a4 Nd5 15. axb5 axb5 16. Rxa7 Nxa7 17. Qa1 Nc6 18. Bxg7 Re8 19. Bh6 f6 20. Bxb5 Qe7 21. Ne4 Red8 22. h3 Ncxb4 23. Nh2 Ra8 24. Qb2 Ra2 25. Qb3 Qf7 {Maly,A (2371)-Jianu,V (2532) Chess.com INT 2021 1-0}) 11... b5 12. Nd6 Bd7 13. O-O Qe7 14. Ne5 Bb8 15. Nxd7 Qxd7 16. Ne4 Qxd1 17. Nxf6+ gxf6 18. Rfxd1 Be5 19. Bxe5 Nxe5 20. Rac1 Rfc8 21. Kf1 f5 22. h3 Kf8 23. f4 Nc4 24. Bxc4 bxc4 25. Rc3 Rc6 26. g4 fxg4 27. hxg4 h6 28. Ke2 Kg7 29. e4 Rac8 30. Ke3 Rh8 31. e5 h5 32. gxh5 Rxh5 33. Ke4 Rh2 34. Rd4 Re2+ 35. Kf3 Ra2 36. Ke3 a5 37. bxa5 Ra6 38. Ke4 Re2+ 1/2-1/2

[Event "CrunchLabs Masters PlayIn"]
[Site "chess.com INT"]
[Date "2024.07.17"]
[Round "7"]
[White "Grischuk, A."]
[Black "L'Ami, E."]
[Result "1-0"]
[WhiteElo "2708"]
[BlackElo "2635"]
[PlyCount "76"]
[EventDate "2024.07.17"]

1. d4 d5 2. c4 e6 3. Nf3 Nf6 4. Bg5 Be7 5. Nc3 h6 6. Bxf6 Bxf6 7. Qb3 c6 8. e3 O-O 9. Bd3 Nd7 ({RR} 9... dxc4 10. Bxc4 c5 11. d5 Bxc3+ 12. bxc3 b5 13. Bxb5 exd5 14. O-O Be6 15. Rfd1 Qc7 16. c4 dxc4 17. Bxc4 Bxc4 18. Qxc4 Nd7 19. Rac1 Rfd8 20. Nd4 Rac8 21. Nb5 Nb6 22. Qc2 {½-½ (22) Sjugirov,S (2636)-Aditya,M (2560) Abu Dhabi UAE 2025}) 10. cxd5 ({RR} 10. O-O dxc4 11. Bxc4 e5 12. Rad1 exd4 13. Nxd4 Nc5 14. Qc2 Qe7 15. b4 Nd7 16. a3 Ne5 17. Ba2 Bg4 18. f3 Bd7 19. Ne4 Rfd8 20. h3 Rac8 21. Kh1 Kh8 22. f4 Ng6 23. Nxf6 Qxf6 24. Qc4 Kg8 {Concio,M (2396)-Mata Gonzalez,J (2164) chess.com INT 2025 1-0 (59)}) 10... exd5 11. O-O Re8 12. h3 $146 ({RR} 12. Rfe1 Nb6 13. Qc2 Bg4 14. Nd2 Rc8 15. b4 Be6 16. Na4 Nxa4 17. Qxa4 b6 18. Rab1 Rc7 19. Rec1 Bd7 20. Qc2 Qe7 21. a3 Qd6 22. Nb3 Rcc8 23. Bf5 Bxf5 24. Qxf5 Re6 25. g3 g6 26. Qd3 h5 {Kieninger,G-Staudte,H Augsburg 1951 0-1 (77)}) 12... Nf8 13. Rae1 Qb6 14. Qc2 Be6 15. Nh2 Rad8 16. f4 Bc8 17. Nf3 Ne6 18. a3 Qc7 19. b4 a5 20. Na4 axb4 21. axb4 b5 22. Nc5 Nxc5 23. Qxc5 Be7 24. Qc3 Qd6 25. Rb1 Bb7 26. Bc2 Bf6 27. Ne5 Ra8 28. Qd3 Kf8 29. g4 Bc8 30. Qh7 Be6 31. h4 Bxh4 32. g5 Ra2 33. f5 Rxc2 34. fxe6 Bf2+ 35. Rxf2 Rxf2 36. Kxf2 Rxe6 37. Qh8+ Ke7 38. Qxg7 hxg5 1-0

[Event "Karpov Cup - 50 years"]
[Site "Moscow RUS"]
[Date "2025.05.22"]
[Round "5.2"]
[White "Dubov, Daniil"]
[Black "Grischuk, A."]
[Result "1/2-1/2"]
[WhiteElo "2693"]
[BlackElo "2682"]
[PlyCount "75"]
[EventDate "2025.05.21"]

1. d4 d5 2. c4 e6 3. Nf3 Nd7 4. Qc2 ({RR} 4. Nbd2 Ngf6 5. g3 Be7 6. Bg2 a5 7. O-O O-O 8. Qc2 a4 9. Rd1 b6 10. e4 dxe4 11. Ng5 Bb7 12. Ndxe4 Nxe4 13. Nxe4 Qc8 14. Bf4 Nf6 15. Bg5 Bxe4 16. Bxe4 Nxe4 17. Bxe7 Re8 18. Qxe4 Rxe7 {Socko,B (2642)-Wojtaszek,R (2686) Warsaw 2021 ½-½ (35)}) ({RR} 4. g3 dxc4 5. Bg2 Rb8 6. a4 b6 7. O-O Bb7 8. Nbd2 Ngf6 9. Nxc4 Be7 10. Bg5 O-O 11. Rc1 Rc8 12. Bxf6 Nxf6 13. Nfe5 Bxg2 14. Kxg2 c5 15. dxc5 Bxc5 16. Qxd8 Rfxd8 17. Rfd1 Rxd1 18. Rxd1 Kf8 {Dubov,D (2747)-Bartel,M (2560) Riga 2021 1-0 (44)}) 4... Ngf6 5. g3 dxc4 6. Bg2 b5 $146 ({RR} 6... Bb4+ 7. Bd2 Qe7 8. O-O Nb6 9. Ne5 O-O 10. Nxc4 Nxc4 11. Qxc4 Bd6 12. e4 e5 13. f4 Be6 14. Qd3 exf4 15. gxf4 Bb4 16. f5 Bxd2 17. Nxd2 Bd7 18. e5 Nh5 19. Qf3 g6 20. f6 Qb4 21. Qe3 {Vantika,A (2392)-Priyanka,N (2296) New York USA 2024 1-0 (40)}) 7. a4 c6 8. Nc3 Qb6 9. O-O Bb7 10. e4 b4 11. a5 Qa6 12. Na4 c5 13. d5 Be7 14. dxe6 Qxe6 15. Re1 Bxe4 16. Qd1 Qc6 17. Bg5 O-O-O 18. Rxe4 Qxe4 19. Nd2 Qd3 20. Qc1 Ne5 21. Bf4 Nfg4 22. Be4 Qd4 23. Bf5+ Rd7 24. Qf1 g5 25. Bxe5 Nxe5 26. Re1 Rhd8 27. Re4 Qxd2 28. Rxe5 Kb8 29. Bxd7 Rxd7 30. Nxc5 Bxc5 31. Rxc5 Rd4 32. Rxc4 Rxc4 33. Qxc4 Qxb2 34. Qb5+ Kc7 35. Qc5+ Kb7 36. Qb5+ Kc7 37. Qc5+ Kb7 38. Qb5+ 1/2-1/2

[Event "Titled Tue 11th Jun Late"]
[Site "chess.com INT"]
[Date "2024.06.11"]
[Round "10"]
[White "Dubov, Daniil"]
[Black "Anton Guijarro, D."]
[Result "1-0"]
[WhiteElo "2701"]
[BlackElo "2669"]
[PlyCount "75"]
[EventDate "2024.06.11"]

1. d4 d5 2. c4 e6 3. Nf3 c6 4. g3 g6 5. Bg2 Bg7 6. O-O Ne7 7. Qc2 ({RR} 7. b3 O-O 8. Bb2 b6 9. Nc3 Bb7 10. Rc1 Nd7 11. e4 Ba6 12. exd5 cxd5 13. Ne2 Rc8 14. cxd5 Rxc1 15. Bxc1 Nxd5 16. Ba3 Re8 17. Qd2 Qb8 18. Rc1 Rc8 19. Nc3 Nxc3 20. Rxc3 Rxc3 21. Qxc3 Qc8 {Sharova,E (1789)-Perevorska,O (1612) Lviv UKR 2025 ½-½ (32)}) 7... O-O 8. Rd1 Nd7 9. Nbd2 $146 ({RR} 9. b3 b6 10. Nc3 Bb7 11. Ba3 Re8 12. Rac1 Nf5 13. e3 Nf6 14. Bb2 Nd6 15. Ne5 Nd7 16. Nxd7 Qxd7 17. e4 dxc4 18. e5 cxb3 19. axb3 Nf5 20. Ne4 Qe7 21. g4 Nh4 22. Bh1 Red8 23. Nd6 Bh6 {Traut,S (2005)-Kiesling,H Frankfurt Fechenheim 2001 1-0 (60)}) 9... b6 10. b3 Bb7 11. Bb2 Rc8 12. c5 bxc5 13. dxc5 e5 14. e4 f5 15. Ng5 fxe4 16. Ne6 Qe8 17. Bh3 Nf5 18. Nxf8 Nxf8 19. Nxe4 dxe4 20. Qxe4 Qf7 21. Bf1 Qe7 22. Bc4+ Kh8 23. g4 Nh4 24. Rd6 Nd7 25. Rad1 Nxc5 26. Qe3 Rf8 27. Qxc5 Nf3+ 28. Kg2 Nh4+ 29. Kf1 Bc8 30. h3 h5 31. Rxc6 Qxc5 32. Rxc5 hxg4 33. hxg4 Bxg4 34. Rd6 Nf3 35. Rxg6 Bh5 36. Rg3 Nd2+ 37. Ke1 Ne4 38. Rh3 1-0

[Event "Titled Tue 25th Apr Early"]
[Site "chess.com INT"]
[Date "2023.04.25"]
[Round "7"]
[White "Andreikin, D."]
[Black "Kuzubov, Y."]
[Result "1-0"]
[WhiteElo "2729"]
[BlackElo "2624"]
[PlyCount "75"]
[EventDate "2023.04.25"]

1. Nf3 d5 2. d4 Nf6 3. c4 e6 4. Bg5 Be7 5. e3 h6 6. Bxf6 Bxf6 7. Qc2 O-O 8. h4 c5 9. g4 g6 ({RR} 9... cxd4 10. g5 Be7 11. gxh6 gxh6 12. Rg1+ Kh8 13. Nxd4 Nc6 14. Nc3 Rg8 15. Rxg8+ Qxg8 16. O-O-O Bxh4 17. Kb1 Nxd4 18. exd4 dxc4 19. Bxc4 Bd7 20. Rh1 Bg5 21. d5 exd5 22. Nxd5 Qg7 23. f4 Bf6 24. Qh2 {Andreikin,D (2710)-Aravindh,C (2693) chess.com INT 2026 ½-½ (43)}) 10. g5 Bg7 $146 ({RR} 10... hxg5 11. hxg5 Bg7 12. dxc5 Nc6 13. Nc3 Qa5 14. O-O-O Qxc5 15. Kb1 Rd8 16. Rh4 a6 17. a3 b5 18. cxb5 axb5 19. Nxb5 Qb6 20. Rc1 Bd7 21. Qc5 Qb7 22. Rc2 Rdb8 23. Bd3 Bf8 24. Qc3 Bg7 25. Qc5 {Riazantsev,A (2634)-Czarnota,P (2502) Warsaw 2021 ½-½}) ({RR} 10... hxg5 11. hxg5 Bg7 12. Nc3 cxd4 13. exd4 Nc6 14. O-O-O Qa5 15. Qd2 dxc4 16. Bxc4 Rd8 17. Qe3 b5 18. Bb3 Ne7 19. Qf4 Nf5 20. d5 exd5 21. Nxd5 Be6 22. Kb1 Rac8 23. Ne5 Rc5 24. Ne7+ Kf8 25. N5c6 {Mamedyarov,S (2767)-So,W (2767) Chess.com INT 2019 1-0}) 11. h5 cxd4 12. gxh6 Bf6 13. hxg6 fxg6 14. Qxg6+ Kh8 15. Bd3 Qe7 16. Rg1 e5 17. cxd5 dxe3 18. fxe3 e4 19. Bxe4 Bf5 20. Bxf5 Qxe3+ 21. Kd1 Qxf3+ 22. Kc2 Qf2+ 23. Nd2 Qc5+ 24. Kb1 Qe7 25. Ne4 Nd7 26. Bxd7 Rg8 27. Be6 Rxg6 28. Rxg6 Be5 29. a3 Qh4 30. Ng5 Rf8 31. Ka2 Bxb2 32. Rf1 Bf6 33. Rfxf6 Qh2+ 34. Kb3 Qg3+ 35. Kb4 a5+ 36. Kc5 Qc7+ 37. Kb5 Rb8 38. Nf7+ 1-0

[Event "Titled Tue 9th Jan Late"]
[Site "chess.com INT"]
[Date "2024.01.09"]
[Round "9"]
[White "Santos Latasa, J."]
[Black "Fedoseev, Vl3"]
[Result "0-1"]
[WhiteElo "2615"]
[BlackElo "2690"]
[PlyCount "74"]
[EventDate "2024.01.09"]

1. Nf3 Nf6 2. c4 c6 3. d4 d5 4. e3 e6 5. b3 b6 6. Bb2 Bb7 7. Nbd2 Nbd7 8. Bd3 Be7 9. O-O O-O 10. Qe2 h6 ({RR} 10... c5 11. cxd5 Nxd5 12. Rfd1 Qc7 13. Rac1 Rad8 14. Nc4 Qb8 15. Bb1 N5f6 16. Nfe5 cxd4 17. Bxd4 Nxe5 18. Bxe5 Qa8 19. f3 Rxd1+ 20. Rxd1 Rd8 21. Kf2 Bd5 22. Bd3 Qc8 23. Qc2 h6 24. Nb2 Qxc2+ 25. Bxc2 {Rustemov,A (2573)-Dominguez Perez,L (2658) Dos Hermanas 2005 ½-½ (61)}) 11. Rfd1 ({RR} 11. e4 dxe4 12. Nxe4 Nxe4 13. Qxe4 Nf6 14. Qh4 c5 15. Rad1 Qe8 16. Ne5 Ne4 17. Qg4 f5 18. Qe2 cxd4 19. Bxe4 Bxe4 20. Bxd4 Rd8 21. Bc3 Bc5 22. Kh1 Rf6 23. Rxd8 Qxd8 24. Rd1 Qe8 25. f3 Ba8 {Maly,A (2371)-Ruiz Sanchez,O (2383) Chess.com INT 2020 1-0}) 11... Qc7 12. Rac1 Rad8 13. cxd5 $146 ({RR} 13. Ne5 Nxe5 14. dxe5 Nd7 15. cxd5 exd5 16. Nf3 Nc5 17. Bb1 Ne4 18. Nd4 Qc8 19. f3 Ng5 20. Qc2 g6 21. Nxc6 Bxc6 22. Qxc6 Bc5 23. Qxc8 Bxe3+ 24. Kf1 Rxc8 25. Rxc8 Rxc8 26. Ke2 Bc5 27. Rxd5 Bg1 {Mishuchkov,N (2415)-Aripov,I (2123) Olomouc 2011 1-0 (45)}) 13... Nxd5 14. Nc4 c5 15. Bb1 N5f6 16. e4 Qf4 17. Re1 cxd4 18. Bxd4 Bb4 19. Ncd2 Bc5 20. g3 Qg4 21. Bxc5 Nxc5 22. Ne5 Qxe2 23. Rxe2 Rc8 24. Ree1 Rfd8 25. Rc2 Nfxe4 26. Nxe4 Bxe4 27. Rxe4 Nxe4 28. Rxc8 Rxc8 29. Bxe4 Rc1+ 30. Kg2 Re1 31. f3 Re2+ 32. Kf1 Rxa2 33. h4 Rb2 34. Nc6 a5 35. Bd3 Rxb3 36. Ke2 a4 37. Bc4 Rc3 0-1

[Event "chess.com SpeedChess 2023"]
[Site "chess.com INT"]
[Date "2023.09.12"]
[Round "1.7"]
[White "Vidit, S."]
[Black "Carlsen, M."]
[Result "1/2-1/2"]
[WhiteElo "2716"]
[BlackElo "2839"]
[PlyCount "73"]
[EventDate "2023.09.04"]

1. d4 d5 2. c4 c6 3. Nf3 e6 4. Nbd2 Nf6 5. g3 c5 6. cxd5 exd5 7. Bg2 Nc6 8. dxc5 Bxc5 9. O-O O-O 10. Nb3 Bb6 11. Nbd4 Re8 12. b3 Nxd4 ({RR} 12... Ne4 13. Bb2 Qf6 14. e3 Bg4 15. Qc2 Nb4 16. Qb1 Qh6 17. Nh4 Bxd4 18. Bxd4 Rac8 19. h3 Bd7 20. Qd1 g5 21. Nf3 Bxh3 22. Bb2 Rc2 23. Qd4 f6 24. Rac1 Rec8 25. Bxh3 Qxh3 26. Nxg5 Nxg5 27. Qxf6 {Javakhadze,Z (2454)-Shlyakhtenko,R (2343) Charlotte 2020 0-1 (32)}) 13. Nxd4 Ne4 $146 ({RR} 13... Bd7 14. Bb2 Ne4 15. e3 Qe7 16. Rc1 Rad8 17. Qh5 Nf6 18. Qh4 Qe5 19. Rc2 Rc8 20. Rxc8 Rxc8 21. Bh3 Bxh3 22. Qxh3 Re8 23. Ba1 Bd8 24. Rc1 Qd6 25. Bb2 a6 26. Rc8 g6 27. Qf1 Qd7 28. Qc1 {Bondarevsky,I-Lundin,E Saltsjobaden 1948 1-0 (36)}) ({RR} 13... Bg4 14. Bb2 Bxd4 15. Qxd4 Bxe2 16. Rfe1 Qd6 17. a4 h6 18. h3 b6 19. a5 Rad8 20. axb6 axb6 21. Bc1 Bb5 22. Rxe8+ Rxe8 23. Be3 Bc6 24. Qxb6 Rb8 25. Qa6 Ra8 26. Qf1 d4 27. Rd1 Bxg2 28. Qxg2 {Bernadskiy,V (2578)-Quparadze,G (2498) Cesme 2019 ½-½ (38)}) 14. Bb2 h5 15. e3 h4 16. Qh5 h3 17. Bh1 Nf6 18. Qh4 Ne4 19. Qxd8 Rxd8 20. Rfd1 Bd7 21. Rac1 Rac8 22. Bf3 g5 23. g4 Bxd4 24. Bxd4 f5 25. gxf5 Bxf5 26. Be2 g4 27. Kf1 Kf7 28. Ke1 Ke6 29. a4 a6 30. Bb6 Rg8 31. Bc7 Ng5 32. Bf4 Nf3+ 33. Bxf3 gxf3 34. Kd2 Be4 35. Rxc8 Rxc8 36. Rc1 Rxc1 37. Kxc1 1/2-1/2

[Event "Titled Tue 27th Jun Late"]
[Site "chess.com INT"]
[Date "2023.06.27"]
[Round "9"]
[White "Nakamura, Hi"]
[Black "Sargsyan, Shant"]
[Result "1-0"]
[WhiteElo "2775"]
[BlackElo "2640"]
[PlyCount "71"]
[EventDate "2023.06.27"]

1. Nf3 d5 2. d4 Nf6 3. c4 e6 4. Bg5 dxc4 5. Nbd2 b5 ({RR} 5... c5 6. Nxc4 cxd4 7. Qxd4 Bb4+ 8. Ncd2 Qxd4 9. Nxd4 Ne4 10. a3 Bxd2+ 11. Bxd2 Nxd2 12. Kxd2 Ke7 13. e3 a6 14. Rc1 Bd7 15. Be2 Nc6 16. Nb3 Rac8 17. Rhd1 Ne5 18. f4 Ng6 19. Nc5 Bc6 20. g3 {Spector,S (2158)-Nielsen-Refs,K (2095) chess.com INT 2025 1-0 (32)}) 6. a4 c6 7. Qc2 Bb7 8. g3 $146 ({RR} 8. e4 Nbd7 9. Be2 h6 10. Bh4 Be7 11. O-O O-O 12. b3 cxb3 13. Nxb3 c5 14. e5 Nd5 15. Bxe7 Qxe7 16. Na5 Nb4 17. Qd2 Be4 18. axb5 Rad8 19. dxc5 Nc2 20. Rac1 Nxe5 21. Qc3 Nxf3+ 22. Bxf3 Nd4 {Muradli,M (2552)-Matlakov,M (2671) Chess.com INT 2022 ½-½ (41)}) 8... a6 9. Bg2 Nbd7 10. Ne5 Nxe5 11. dxe5 h6 12. Bh4 g5 13. exf6 gxh4 14. O-O h3 15. Bf3 Qb6 16. b3 cxb3 17. Qxb3 O-O-O 18. Nc4 Qd4 19. axb5 cxb5 20. Na5 Bxf3 21. Rac1+ Bc5 22. Qxf3 Rd5 23. Nb3 Qe5 24. e4 Qh5 25. Qc3 b4 26. Qe3 Kb8 27. Nxc5 Rd6 28. e5 Rc6 29. Nd7+ Kc7 30. Rxc6+ Kxc6 31. Qb6+ Kd5 32. Qc5+ Ke4 33. Qc4+ Kf5 34. Qd3+ Kg5 35. f4+ Kg4 36. Qf3+ 1-0

[Event "Titled Tue 23rd Jan Early"]
[Site "chess.com INT"]
[Date "2024.01.23"]
[Round "6"]
[White "Nihal, Sarin"]
[Black "Narayanan, SL."]
[Result "1-0"]
[WhiteElo "2693"]
[BlackElo "2694"]
[PlyCount "71"]
[EventDate "2024.01.23"]

1. c4 e6 2. g3 d5 3. Bg2 c5 4. cxd5 exd5 5. Nf3 Nf6 6. O-O Nc6 7. d4 Be7 8. b3 Ne4 9. Bb2 Bf6 10. Nc3 cxd4 11. Nxe4 dxe4 12. Nd2 O-O 13. Nxe4 Be7 ({RR} 13... Be5 14. Rc1 Bf5 15. Nc5 Qb6 16. Nxb7 Rac8 17. Nc5 Rfd8 18. Nd3 Bf6 19. Nf4 Qb5 20. a4 Qa6 21. Nd5 Bg5 22. f4 d3 23. e4 Rxd5 24. exd5 Nb4 25. Rxc8+ Qxc8 26. fxg5 Nc2 27. Qd2 {1-0 (27) Budisavljevic,L (2493)-Lymar,V (2320) chess.com INT 2026}) 14. Rc1 Re8 $146 ({RR} 14... Qa5 15. a3 Qb6 16. Qd3 Rd8 17. Nd2 Be6 18. Nc4 Qb5 19. Rfd1 Bf6 20. a4 Qh5 21. Bf3 Qh6 22. Ba3 Rd7 23. Be4 Bxc4 24. Qxc4 Ne5 25. Qc2 Ng4 26. h4 Bxh4 27. gxh4 Qxh4 28. e3 Re8 29. Rxd4 {Murshed,N (2464)-Kobese,W (2333) Centurion 2014 1-0 (36)}) 15. a3 Qb6 16. Nd2 Be6 17. Nc4 Bxc4 18. Rxc4 Bf6 19. Bxc6 bxc6 20. Bxd4 Bxd4 21. Rxd4 Rxe2 22. Qxe2 Qxd4 23. Rd1 Qf6 24. Rd7 g6 25. Kg2 a5 26. Qc4 Re8 27. Rc7 Re6 28. Rc8+ Kg7 29. Qc5 Qe5 30. Qf8+ Kf6 31. Qh8+ Kf5 32. Qxh7 Qe4+ 33. f3 Qe2+ 34. Kh3 Qxf3 35. Qxf7+ Rf6 36. Qxf6+ 1-0

[Event "Palma de Mallorca FIDE GP"]
[Site "Palma de Mallorca"]
[Date "2017.11.25"]
[Round "9"]
[White "Radjabov, Teimour"]
[Black "Rapport, Richard"]
[Result "1/2-1/2"]
[WhiteElo "2741"]
[BlackElo "2692"]
[PlyCount "71"]
[EventDate "2017.11.16"]
[EventType "swiss"]
[EventRounds "9"]
[EventCountry "ESP"]
[SourceTitle "CBM 182"]
[Source "ChessBase"]
[SourceDate "2018.01.17"]
[SourceVersion "1"]
[SourceVersionDate "2018.01.17"]
[SourceQuality "1"]

1. d4 d5 2. c4 c6 3. Nf3 e6 4. Bg5 Be7 5. Bxe7 Qxe7 6. Nbd2 Nf6 7. g3 O-O 8. Bg2 b6 9. O-O Bb7 10. Ne5 Nbd7 11. Nxd7 Nxd7 $146 ({RR} 11... Qxd7 12. Rc1 Rfd8 13. Qb3 c5 14. dxc5 dxc4 15. Nxc4 Bxg2 16. Kxg2 Qd5+ 17. Qf3 Qxc5 18. Rfd1 Rab8 19. Nd6 Qe5 20. Nc4 Qc5 21. Nd6 Qe5 22. Nc4 Qc5 {½-½ (22) Kardashevskiy,E (2382)-Timofeev,A (2592) Moscow 2019}) ({RR} 11... Qxd7 12. Rc1 Rac8 13. Qb3 c5 14. cxd5 Bxd5 15. Bxd5 exd5 16. dxc5 bxc5 17. Qa3 Qb5 18. e3 Qb6 19. Rc2 Rc7 20. Rfc1 Rfc8 21. Qa4 h6 22. b3 Qe6 23. Qb5 Nd7 24. Qe2 Ne5 25. Nf3 Nxf3+ 26. Qxf3 {Marzano,C (2108)-Podolskyi,M (2255) Katowice POL 2026 ½-½ (34)}) 12. Rc1 Rfd8 13. Qb3 Rab8 14. Rfd1 Nf6 15. Qa4 Ba8 16. b3 a5 17. c5 Nd7 18. cxb6 Qb4 19. Qxb4 axb4 20. e3 Rxb6 21. Nf3 Bb7 22. Rc2 Ra8 23. Bf1 Kf8 24. Rdc1 Ke7 25. Ne1 Ra5 26. Kg2 Kd6 27. Nd3 Ba6 28. Nc5 Bxf1+ 29. Kxf1 Kc7 30. Nd3 Ra8 31. f4 Kd6 32. g4 Rc8 33. h4 Nf6 34. Ne5 Rc7 35. Kg2 Ne4 36. Kf3 1/2-1/2

[Event "RUS-chT 18th"]
[Site "Olginka"]
[Date "2011.04.12"]
[Round "1"]
[White "Ivanchuk, Vassily"]
[Black "Savchenko, Boris"]
[Result "1-0"]
[WhiteElo "2779"]
[BlackElo "2616"]
[PlyCount "71"]
[EventDate "2011.04.12"]
[EventType "team-tourn"]
[EventRounds "11"]
[EventCountry "RUS"]
[SourceTitle "EXT 2020"]
[Source "ChessBase"]
[SourceDate "2019.10.17"]
[SourceVersion "1"]
[SourceVersionDate "2019.10.17"]
[SourceQuality "1"]
[WhiteTeam "Sankt Petersburg Chess Federation"]
[BlackTeam "Belgorod BelGu"]
[WhiteTeamCountry "RUS"]
[BlackTeamCountry "RUS"]

1. d4 d5 2. c4 c6 3. Nf3 e6 4. Qc2 Nf6 5. Nbd2 c5 6. dxc5 ({RR} 6. cxd5 cxd4 7. Nxd4 Nxd5 8. a3 Be7 9. N2f3 O-O 10. e4 Nf6 11. e5 Nd5 12. Bd3 h6 13. Qe2 Nd7 14. Qe4 f5 15. exf6 N7xf6 16. Qe2 Qb6 17. O-O Bd7 18. Bc4 Bd6 19. Rd1 Rac8 20. Ba2 Rfe8 {Firouzja,A (2728)-Caruana,F (2835) chess24.com INT 2020 1-0 (63)}) 6... Bxc5 ({RR} 6... d4 7. g3 Nc6 8. Bg2 Bxc5 9. O-O e5 10. Ng5 h6 11. Nge4 Nxe4 12. Nxe4 Be7 13. a3 a5 14. f4 f5 15. fxe5 fxe4 16. Qxe4 Kd7 17. e6+ Kc7 18. Rf7 g5 19. c5 Kb8 20. b4 axb4 21. Rb1 {Andreikin,D (2729)-Ashraf,A (2391) chess.com INT 2024 0-1 (36)}) 7. e3 O-O $146 ({RR} 7... Be7 8. a3 Nbd7 9. cxd5 Nxd5 10. Bc4 b6 11. Bxd5 exd5 12. O-O Ba6 13. Rd1 Rc8 14. Qa4 Bd3 15. Qg4 O-O 16. Nd4 Ne5 17. Qh3 Bf6 18. Nf1 Bc2 19. Nxc2 Rxc2 20. e4 d4 21. f4 Ng6 22. Qd3 {D'Costa,L (2425)-Huschenbeth,N (2521) Haarlem 2011 0-1 (58)}) 8. a3 a6 9. b4 Ba7 10. Bb2 Bd7 11. Be2 Nc6 12. O-O Rc8 13. c5 Bb8 14. e4 Ng4 15. Rfe1 Nce5 16. Rad1 Bc6 17. h3 Nxf3+ 18. Bxf3 Nf6 19. Nc4 Qc7 20. Be5 Qd8 21. Nb6 Bxe5 22. Nxc8 d4 23. Nb6 g5 24. Nc4 Nd7 25. a4 Qf6 26. Qb3 Bc7 27. b5 Nxc5 28. Qb4 Bxe4 29. Qxc5 Bxf3 30. Qxc7 Bxd1 31. Rxd1 d3 32. Qxb7 Qd4 33. Ne3 a5 34. b6 Rd8 35. Qc7 Qd7 36. Qxd7 1-0